Представление документа в формате RUSMARC

ПолеНазваниеЗначение
  Тип записи a
  Библиографический уровень a
001 Контрольный номер RU/CBS_UL/BASE/6ca43f543a0e4e5b8f9075afc1fad600
005 Дата корректировки 20260426103840.5
100 Данные общей обработки __
a Данные общей обработки 20260426 ||| 0rusy0189 ca
101 Язык документа 0_
a Язык текста rus
102 Страна публикации __
a Страна публикации RU
200 Заглавие и сведения об ответственности 1_
a Заглавие Дальневосточная эпопея
e Сведения, относящиеся к заглавию [государственная политика переселения крестьян на Дальний Восток в к. XIX века]
f Первые сведения об ответственности С. Летов
300 Общие примечания __
a Общие примечания 16+
461 Уровень набора _0
1 2000
a Наша история
463 Уровень физической единицы _0
1 2000
a № 4
v С. 3-5 : фото
1 2101
d 2026
1 001RU/CBS_UL/BASE/82dba85a71a24088bb382b50d965f832
606 Тематические рубрики 0_
a Основная рубрика История - Россия - 19 в.
610 Ключевые слова 0_
a Ключевые слова переселение на Дальний Восток
610 Ключевые слова 0_
a Ключевые слова переселение крестьян
610 Ключевые слова 0_
a Ключевые слова переселение крестьян на Дальний Восток
610 Ключевые слова 0_
a Ключевые слова крестьяне-переселенцы
610 Ключевые слова 0_
a Ключевые слова освоение Дальнего Востока
610 Ключевые слова 0_
a Ключевые слова староверы
610 Ключевые слова 0_
a Ключевые слова переселенцы-староверы
686 Индексы других классификаций __
2 Код системы rubbk
a Классификационный индекс 63.3(2)53
700 Автор _1
a Фамилия Летов
b Имя (инициалы) С.
801 Источник записи _0
a Страна RU
b Организация МБУК ЦБС г. Ульяновска
c Дата составления 20260426
g Правила каталогизации RCR
801 Источник записи _1
a Страна RU
b Организация МБУК ЦБС г. Ульяновска
c Дата составления 20260426
g Правила каталогизации RCR
901 Тип документа __
t Тип документа b
w Контрольный № источника RU/CBS_UL/BASE/82dba85a71a24088bb382b50d965f832
909 Создатель записи __
a Создатель записи lib2